Ballon d'Or 1987 - Statistiken

Allgemein
  • Dieses Quiz wurde 20 mal gespielt
  • Das Durchschnittsergebnis liegt bei 9 aus 34
Antwortstatistiken
Platz Spieler Verein/e Nation Punkte % Korrekt
6. Marco van Basten Ajax Amsterdam/AC Mailand Niederlande 10
94%
1. Ruud Gullit PSV Eindhoven/AC Mailand Niederlande 203
89%
12. Lothar Matthäus FC Bayern München Deutschland 5
78%
17. Jean-Marie Pfaff FC Bayern München Belgien 3
67%
30. Rudi Völler SV Werder Bremen/AS Rom Deutschland 1
67%
5. Gary Lineker FC Barcelona England 13
61%
17. Pierre Littbarski RC Paris/1.FC Köln Deutschland 3
61%
21. Gheorghe Hagi Sportul Studentesc/Steaua Bukarest Rumänien 2
50%
14. Ian Rush FC Liverpool/Juventus Turin Wales 4
50%
14. Toni Polster Austria Wien/FC Turin Österreich 4
44%
10. Klaus Allofs 1.FC Köln/Olympique Marseille Deutschland 6
39%
4. Míchel Real Madrid Spanien 29
39%
3. Emilio Butragueno Real Madrid Spanien 61
33%
8. Gianluca Vialli Sampdoria Genua Italien 9
28%
21. Peter Shilton FC Southampton/Derby County England 2
22%
30. Alessandro Altobelli Inter Mailand Italien 1
17%
21. Heinz Hermann Neuchatel Xamax Schweiz 2
17%
6. John Barnes FC Watford/FC Liverpool England 10
17%
2. Paulo Futre FC Porto/Atlético Madrid Portugal 91
17%
9. Bryan Robson Manchester United England 7
11%
17. Paul McGrath Manchester United Irland 3
11%
21. Józef Mlynarczyk FC Porto Polen 2
6%
12. Manuel Amoros AS Monaco Frankreich 5
6%
17. Oleksandr Zavarov FC Dynamo Kiew Sowjetunion 3
6%
21. Rinat Dasayev FC Spartak Moskau Sowjetunion 2
6%
30. Sokol Kushta FK Partizani Tirana/Flamurtari FC Albanien 1
6%
21. Ally McCoist Glasgow Rangers Schottland 2
0%
30. Dimitris Savarakos Panathinaikos Athen Griechenland 1
0%
30. Glenn Hoddle Tottenham Hotspur/AS Monaco England 1
0%
10. Glenn Hýsen IFK Göteborg/AC Florenz Frankreich 6
0%
14. Mark Hateley AC Mailand/AS Monaco England 4
0%
21. Peter Beardsley Newcastle United/FC Liverpool England 2
0%
21. Preben Elkjaer Hellas Verona Dänemark 2
0%
21. Rodion Camataru FC Dinamo Bukarest Rumänien 2
0%
Keine übereinstimmenden Quizze gefunden
Verteilung der Resultate
Anzahl Personen mit jedem Resultat
Perzentil nach korrekt beantworteten Fragen
Ihre Resultats-Entwicklung
Sie haben dieses Quiz noch nicht gespielt